| 000 | 00772cam a22002295a 4500 | ||
|---|---|---|---|
| 001 | L158005 | ||
| 008 | 131008s2013 xxk f 000 0 eng d | ||
| 020 | _a9781848063389 | ||
| 035 | _a(Sirsi) u158005 | ||
| 041 | 0 | _aeng | |
| 100 | 1 | _aCorfe, Claire | |
| 245 | 0 | 0 |
_aLessons from aimc4 for cost-effective, fabric-first, low energy housing _bPart 4: Understanding value, applying lean techniques and benchmarking |
| 260 |
_aWatford _bBRE _c2013 |
||
| 300 |
_a8p. _bill. _c30cm. |
||
| 490 | 0 |
_aBRE Information Paper _v(9/13) |
|
| 520 | _aFocuses on understanding value for the end user and making the construction process as efficient as possible. | ||
| 521 | _aAdvanced | ||
| 590 | _aKA | ||
| 651 | 4 | _aENGLAND AND WALES | |
| 700 | 1 | _aGaze, Christopher | |
| 942 | _n0 | ||
| 999 |
_c115071 _d115071 |
||